[Event "37th ECC Open 2022"]
[Site "Mayrhofen AUT"]
[Date "2022.10.04"]
[Round "2.8"]
[Board "1"]
[White "Shengelia, David"]
[Black "Korobov, Anton"]
[Result "1/2-1/2"]
[WhiteTitle "GM"]
[BlackTitle "GM"]
[WhiteElo "2460"]
[BlackElo "2672"]
[WhiteTeam "Schachklub Absam "]
[BlackTeam "Silla - València Origin of Chess"]
[WhiteFideId "13601270"]
[BlackFideId "14105730"]
[EventDate "2022.10.03"]

1. d4 Nf6 2. c4 e6 3. Nf3 b6 4. g3 Bb7 5. Bg2 Be7 6. O-O O-O 7. Re1 Na6 8. a3 d5
9. cxd5 exd5 10. Nc3 Ne4 11. h4 c5 12. Bf4 Nxc3 13. bxc3 Nc7 14. dxc5 Bxc5 15.
Nd4 Qd7 16. e3 Rad8 17. a4 Ne8 18. Nb3 Nf6 19. Nxc5 bxc5 20. Bg5 Qe7 21. Qb3 Ba8
22. Qb5 Rc8 23. Rad1 Rfd8 24. Qa6 Rc6 25. Qa5 h6 26. Bxf6 Rxf6 27. c4 Rfd6 28.
Qxc5 Qd7 29. cxd5 Bxd5 30. Bxd5 Rxd5 31. Rxd5 Qxd5 32. Qxa7 Ra8 33. Qd4 Qxd4 34.
exd4 Rxa4 35. Re8+ Kh7 36. Re4 g5 37. h5 Kg7 38. Kg2 f5 39. Re7+ Kf6 40. Rh7 g4
41. d5 Kg5 42. d6 f4 43. gxf4+ Rxf4 44. d7 Rd4 45. Rg7+ Kxh5 46. f3 Rd2+ 47. Kg3
gxf3 48. Kxf3 Kh4 49. Kf4 h5 50. Ke5 Kh3 51. Ke6 Re2+ 52. Kf7 Rd2 53. Ke8 h4 54.
d8=Q Rxd8+ 55. Kxd8 Kh2 56. Ke7 h3 57. Kf6 Kh1 58. Kf5 h2 59. Kg4 Kg2 60. Kf4+
Kf2 1/2-1/2

[Event "37th ECC Open 2022"]
[Site "Mayrhofen AUT"]
[Date "2022.10.04"]
[Round "2.8"]
[Board "2"]
[White "Santos Latasa, Jaime"]
[Black "Doric, Darko"]
[Result "1/2-1/2"]
[WhiteTitle "GM"]
[BlackTitle "IM"]
[WhiteElo "2677"]
[BlackElo "2457"]
[WhiteTeam "Silla - València Origin of Chess"]
[BlackTeam "Schachklub Absam "]
[WhiteFideId "2293307"]
[BlackFideId "14507200"]
[EventDate "2022.10.03"]

1. e4 c5 2. Nf3 e6 3. b3 b6 4. Bb2 Bb7 5. Nc3 Nc6 6. d4 cxd4 7. Nxd4 a6 8. Nxc6
Bxc6 9. Bd3 Qg5 10. g3 Bc5 11. f4 Qh6 12. Qe2 b5 13. O-O-O Ne7 14. h4 O-O 15. a3
Rad8 16. Kb1 d5 17. e5 d4 18. Ne4 Ba7 19. Nf2 Nd5 20. Be4 f5 21. exf6 Qxf6 22.
Rhe1 Ba8 23. Rd3 Qe7 24. Red1 Ne3 25. R1d2 Bxe4 26. Nxe4 e5 27. fxe5 Nf1 28. Rd1
Qxe5 29. Rf3 Rxf3 30. Qxf3 Rf8 31. Qd3 Ne3 32. Bxd4 Bxd4 33. Qxd4 Qxd4 34. Rxd4
Rf1+ 35. Kb2 Nd1+ 36. Ka2 h6 37. a4 Re1 38. axb5 axb5 39. Nd6 Ne3 40. Nxb5 Nxc2
41. Rd2 Nb4+ 42. Ka3 Nc6 43. Nd4 Ne5 44. Re2 Rxe2 45. Nxe2 Kf7 46. Kb4 Ke6 47.
Nd4+ Kd5 48. Nf5 Ke4 49. Nxg7 Kf3 50. Kc3 Kxg3 51. h5 Nc6 52. Kd3 Kf4 53. Ne6+
Kg4 54. Nd4 Nb4+ 55. Kc3 Na2+ 56. Kb2 Nb4 57. Kc3 Na2+ 58. Kb2 Nb4 59. Kc3 1/2-1/2

[Event "37th ECC Open 2022"]
[Site "Mayrhofen AUT"]
[Date "2022.10.04"]
[Round "2.8"]
[Board "3"]
[White "Tica, Sven"]
[Black "Idani, Pouya"]
[Result "0-1"]
[WhiteTitle "IM"]
[BlackTitle "GM"]
[WhiteElo "2422"]
[BlackElo "2623"]
[WhiteTeam "Schachklub Absam "]
[BlackTeam "Silla - València Origin of Chess"]
[WhiteFideId "14526948"]
[BlackFideId "12510130"]
[EventDate "2022.10.03"]

1. d4 Nf6 2. c4 c5 3. d5 e6 4. Nc3 exd5 5. cxd5 d6 6. Nf3 g6 7. g3 Bg7 8. Bg2
O-O 9. O-O Re8 10. Bf4 h6 11. Qc1 g5 12. Be3 Bf5 13. h4 g4 14. Nd2 Rxe3 15. fxe3
Bg6 16. Nc4 Qe7 17. Nb5 Ne8 18. a4 Nd7 19. e4 a6 20. Nc3 Nef6 21. a5 Nh5 22. Qe1
Rb8 23. Ra3 Ne5 24. Nb6 Nf6 25. Rf4 Nfd7 26. Nca4 h5 27. Rb3 Bh6 28. Qc3 Nf6 29.
Qc2 Ned7 30. Nxd7 Nxd7 31. e3 Ne5 32. Nc3 Qc7 33. Rb6 Nc4 34. Na4 Nxb6 35. Nxb6
Re8 36. Nc4 Bxf4 37. exf4 Qe7 38. f5 Bxf5 39. exf5 Qe1+ 40. Bf1 Qxg3+ 41. Qg2
Qxh4 42. Nxd6 Re3 43. Qf2 g3 44. Qd2 Rf3 45. Ne4 Rxf1+ 46. Kxf1 Qh1+ 47. Ke2
Qxe4+ 48. Kd1 Qd4 0-1

[Event "37th ECC Open 2022"]
[Site "Mayrhofen AUT"]
[Date "2022.10.04"]
[Round "2.8"]
[Board "4"]
[White "Alonso Rosell, Alvar"]
[Black "Lehner, Oliver"]
[Result "1-0"]
[WhiteTitle "GM"]
[BlackTitle "IM"]
[WhiteElo "2563"]
[BlackElo "2398"]
[WhiteTeam "Silla - València Origin of Chess"]
[BlackTeam "Schachklub Absam "]
[WhiteFideId "2270544"]
[BlackFideId "1602560"]
[EventDate "2022.10.03"]

1. d4 Nf6 2. c4 e6 3. Nf3 d5 4. g3 Bb4+ 5. Nc3 dxc4 6. Bg2 c6 7. Ne5 Nd5 8. O-O
O-O 9. Ne4 b5 10. b3 f6 11. bxc4 fxe5 12. cxd5 cxd5 13. dxe5 Nc6 14. Bg5 Qd7 15.
a3 Ba5 16. Nc5 Qf7 17. Bf4 Ne7 18. Bd2 Bb6 19. Rc1 Rb8 20. Kh1 a5 21. Nb3 Qh5
22. Bxa5 Bxa5 23. Nxa5 Qxe5 24. Qc2 Ra8 25. Qc5 Ng6 26. Nc6 Qxe2 27. f4 Bd7 28.
f5 Rac8 29. fxg6 1-0

[Event "37th ECC Open 2022"]
[Site "Mayrhofen AUT"]
[Date "2022.10.04"]
[Round "2.8"]
[Board "5"]
[White "Deglmann, Ludwig"]
[Black "Forcen Esteban, Daniel"]
[Result "0-1"]
[WhiteTitle "FM"]
[BlackTitle "GM"]
[WhiteElo "2243"]
[BlackElo "2566"]
[WhiteTeam "Schachklub Absam "]
[BlackTeam "Silla - València Origin of Chess"]
[WhiteFideId "4622235"]
[BlackFideId "2288230"]
[EventDate "2022.10.03"]

1. d4 Nf6 2. Nf3 d5 3. Bf4 c5 4. e3 Nc6 5. c3 Qb6 6. Qb3 c4 7. Qc2 Bf5 8. Qc1 h6
9. h3 e6 10. Nbd2 Qd8 11. b3 b5 12. Ne5 Nxe5 13. Bxe5 Nd7 14. Bh2 Rc8 15. a4
cxb3 16. Bxb5 Bb4 17. c4 dxc4 18. O-O Bxd2 19. Qxd2 c3 20. Qe2 b2 21. Bd6 c2 22.
e4 bxa1=Q 23. exf5 Qxf1+ 0-1

[Event "37th ECC Open 2022"]
[Site "Mayrhofen AUT"]
[Date "2022.10.04"]
[Round "2.8"]
[Board "6"]
[White "Bernadskiy, Vitaliy"]
[Black "de Francesco, Klaus"]
[Result "1-0"]
[WhiteTitle "GM"]
[BlackTitle "FM"]
[WhiteElo "2570"]
[BlackElo "2197"]
[WhiteTeam "Silla - València Origin of Chess"]
[BlackTeam "Schachklub Absam "]
[WhiteFideId "14100371"]
[BlackFideId "4613945"]
[EventDate "2022.10.03"]

1. c4 e6 2. Nc3 d5 3. d4 Nf6 4. cxd5 exd5 5. Bg5 Be7 6. e3 c6 7. Bd3 Nbd7 8. Nf3
Nh5 9. Bxe7 Qxe7 10. O-O g6 11. Rb1 a5 12. a3 O-O 13. b4 axb4 14. axb4 Nb6 15.
Qc2 Ng7 16. Rfe1 Bf5 17. e4 dxe4 18. Bxe4 Qd6 19. Bxf5 Nxf5 20. Ne4 Qd8 21. b5
Rc8 22. bxc6 bxc6 23. Ne5 Nd5 24. Qc5 Nf4 25. Nxc6 Qh4 26. d5 Rfe8 27. f3 Nd3
28. Qc3 Nxe1 29. Nf6+ Kf8 30. Nxe8 Nxf3+ 31. gxf3 Rxc6 32. Qh8+ Ke7 33. Qe5+ Kf8
34. dxc6 Qg5+ 35. Kh1 1-0

[Event "37th ECC Open 2022"]
[Site "Mayrhofen AUT"]
[Date "2022.10.04"]
[Round "2.9"]
[Board "1"]
[White "Shevchenko, Kirill"]
[Black "Hauge, Lars Oskar"]
[Result "1-0"]
[WhiteTitle "GM"]
[BlackTitle "GM"]
[WhiteElo "2645"]
[BlackElo "2531"]
[WhiteTeam "Vugar Gashimov"]
[BlackTeam "Stockholms SS"]
[WhiteFideId "14129574"]
[BlackFideId "1509276"]
[EventDate "2022.10.03"]

1. c4 e5 2. Nc3 Nf6 3. Nf3 Nc6 4. g3 d5 5. cxd5 Nxd5 6. Bg2 Nb6 7. O-O Be7 8. b3
O-O 9. Bb2 Re8 10. Rc1 Bf8 11. d3 Rb8 12. Ne4 f6 13. Qc2 Bg4 14. Rfd1 Qe7 15. d4
Bxf3 16. Bxf3 f5 17. Nc5 e4 18. Bg2 Nb4 19. Qd2 N4d5 20. e3 Qf7 21. g4 f4 22.
Nxe4 Qg6 23. Nc5 fxe3 24. fxe3 Nxe3 25. Re1 Nxg4 26. Nxb7 c6 27. Nc5 Bd6 28. h3
Nf6 29. Nd3 Ne4 30. Qc2 Ng5 31. Ne5 Qh5 32. Qf5 Nd5 33. Qg4 Qxg4 34. hxg4 Nf4
35. Bxc6 Rf8 36. Rc2 Rbd8 37. Bc1 Bc7 38. Be3 Rf6 39. Rf1 Nfh3+ 40. Kg2 Rxf1 41.
Kxf1 Bb6 42. Kg2 Bxd4 43. Bxd4 Rxd4 44. Bd5+ Kf8 45. Rc8+ Ke7 46. Nc6+ Kd7 47.
Nxd4 Kxc8 48. Ne2 1-0

[Event "37th ECC Open 2022"]
[Site "Mayrhofen AUT"]
[Date "2022.10.04"]
[Round "2.9"]
[Board "2"]
[White "Ertan, Can"]
[Black "Iskandarov, Misratdin"]
[Result "1/2-1/2"]
[WhiteTitle "IM"]
[BlackTitle "GM"]
[WhiteElo "2372"]
[BlackElo "2601"]
[WhiteTeam "Stockholms SS"]
[BlackTeam "Vugar Gashimov"]
[WhiteFideId "6306330"]
[BlackFideId "13400312"]
[EventDate "2022.10.03"]

1. e4 c5 2. Nf3 d6 3. d4 cxd4 4. Nxd4 Nf6 5. Nc3 a6 6. Be2 e5 7. Nb3 Be7 8. O-O
Be6 9. f4 Qc7 10. a4 Nbd7 11. a5 Rc8 12. Kh1 O-O 13. g4 exf4 14. Nd4 Ne5 15. g5
Nfd7 16. Bxf4 Rfe8 17. Nxe6 fxe6 18. Qb1 Qc6 19. Qa2 Nc5 20. Bc4 Nxc4 21. Qxc4
Bf8 22. Rad1 b5 23. axb6 Qxb6 24. Na4 Nxa4 25. Qxa4 Qxb2 26. Bxd6 Qxc2 27. Qxc2
Rxc2 28. e5 Rd8 29. Rf3 Rc6 30. Rfd3 Bxd6 31. exd6 Kf7 32. Kg2 e5 33. d7 Ke7 34.
Rd5 Ke6 35. Kf3 Kf5 36. h4 Rc3+ 37. Kg2 Rc4 38. Kg3 Rg4+ 39. Kh3 Re4 40. Rc5 Ke6
41. Rc6+ Ke7 42. Rxa6 Rd4 43. Re1 Rd5 44. g6 hxg6 45. Rxg6 Kf7 46. Rg5 1/2-1/2

[Event "37th ECC Open 2022"]
[Site "Mayrhofen AUT"]
[Date "2022.10.04"]
[Round "2.9"]
[Board "3"]
[White "Asadli, Vugar"]
[Black "Thorn, Eric"]
[Result "0-1"]
[WhiteTitle "GM"]
[BlackTitle "FM"]
[WhiteElo "2575"]
[BlackElo "2351"]
[WhiteTeam "Vugar Gashimov"]
[BlackTeam "Stockholms SS"]
[WhiteFideId "13405764"]
[BlackFideId "1710729"]
[EventDate "2022.10.03"]

1. e4 e5 2. Nf3 Nc6 3. Bb5 a6 4. Ba4 Nf6 5. d4 exd4 6. O-O Be7 7. e5 Ne4 8. Nxd4
Nc5 9. Nf5 O-O 10. Qg4 g6 11. Bxc6 dxc6 12. Nxe7+ Qxe7 13. Qg3 Re8 14. Re1 Bf5
15. Nc3 Ne6 16. Ne4 Bxe4 17. Rxe4 Rad8 18. Re1 Qb4 19. c3 Qb5 20. h3 Rd3 21. Qh4
b6 22. Kh2 c5 23. f4 Qc4 24. Qf2 Ng7 25. g4 h5 26. Be3 hxg4 27. hxg4 g5 28. Rf1
f5 29. Rg1 Kf7 30. Rae1 Rh8+ 31. Kg2 Qe4+ 32. Kf1 Rh3 33. Rg3 Rxg3 34. Qxg3 gxf4 0-1

[Event "37th ECC Open 2022"]
[Site "Mayrhofen AUT"]
[Date "2022.10.04"]
[Round "2.9"]
[Board "4"]
[White "Cederstam, Carl"]
[Black "Ahmadzada, Ahmad"]
[Result "0-1"]
[WhiteTitle "FM"]
[BlackTitle "IM"]
[WhiteElo "2337"]
[BlackElo "2488"]
[WhiteTeam "Stockholms SS"]
[BlackTeam "Vugar Gashimov"]
[WhiteFideId "1713329"]
[BlackFideId "13413007"]
[EventDate "2022.10.03"]

1. e4 e5 2. Nf3 Nc6 3. Bb5 a6 4. Ba4 Nf6 5. O-O Be7 6. Re1 b5 7. Bb3 O-O 8. a4
b4 9. a5 d6 10. c3 Rb8 11. d4 bxc3 12. bxc3 exd4 13. cxd4 Bg4 14. Be3 d5 15. e5
Ne4 16. h3 Bh5 17. Qc1 Bb4 18. Qxc6 Bxe1 19. Bxd5 Bxf2+ 20. Bxf2 Nxf2 21. Kxf2
Rb2+ 22. Kg3 Bxf3 23. Bxf3 Qxd4 24. Qe4 Qg1 25. e6 fxe6 26. Qxe6+ Kh8 27. Nd2
Qxa1 28. Nc4 Rb5 29. Qxa6 Rxf3+ 0-1

[Event "37th ECC Open 2022"]
[Site "Mayrhofen AUT"]
[Date "2022.10.04"]
[Round "2.9"]
[Board "5"]
[White "Sadikhov, Ulvi"]
[Black "Renman, Nils-Gustaf"]
[Result "1-0"]
[WhiteTitle "GM"]
[BlackTitle "IM"]
[WhiteElo "2473"]
[BlackElo "2329"]
[WhiteTeam "Vugar Gashimov"]
[BlackTeam "Stockholms SS"]
[WhiteFideId "13401416"]
[BlackFideId "1700367"]
[EventDate "2022.10.03"]

1. Nf3 d5 2. g3 c6 3. Bg2 Bg4 4. O-O Nd7 5. d3 Ngf6 6. h3 Bxf3 7. Bxf3 e5 8. e4
dxe4 9. dxe4 Bc5 10. c3 a5 11. a4 O-O 12. Nd2 Qc7 13. Qe2 Rfe8 14. Bg2 Rad8 15.
Nc4 Ra8 16. Ne3 g6 17. Nc2 Kg7 18. Kh1 Bb6 19. b4 Nf8 20. f4 Nh5 21. Qf3 f5 22.
exf5 e4 23. Qg4 Nf6 24. Qh4 e3 25. Re1 e2 26. g4 Ne4 27. Bxe4 Rxe4 28. c4 Qd8
29. Bb2+ Kg8 30. Qh6 Qe7 31. fxg6 Nxg6 32. f5 Nf4 33. Bf6 Qf8 34. Qg5+ Kf7 35.
Bb2 Bd8 36. f6 Bc7 37. Nd4 Nd3 1-0

[Event "37th ECC Open 2022"]
[Site "Mayrhofen AUT"]
[Date "2022.10.04"]
[Round "2.9"]
[Board "6"]
[White "Tuomainen, Felix"]
[Black "Babazada, Khazar"]
[Result "0-1"]
[WhiteTitle "FM"]
[BlackTitle "IM"]
[WhiteElo "2222"]
[BlackElo "2463"]
[WhiteTeam "Stockholms SS"]
[BlackTeam "Vugar Gashimov"]
[WhiteFideId "1720813"]
[BlackFideId "13413554"]
[EventDate "2022.10.03"]

1. d4 f5 2. c4 Nf6 3. Nc3 d6 4. Bg5 Nbd7 5. d5 e5 6. dxe6 Nc5 7. Nf3 Nxe6 8.
Bxf6 Qxf6 9. g3 g5 10. Bg2 Bg7 11. O-O O-O 12. Qd2 g4 13. Ne1 f4 14. Rb1 Qh6 15.
Nd5 fxg3 16. Qxh6 gxf2+ 17. Rxf2 Bxh6 18. Nf6+ Kh8 19. Nxg4 Rxf2 20. Kxf2 Bg7
21. Bf3 Ng5 22. b3 Bd4+ 23. e3 Bb6 24. Ke2 Bf5 25. Rd1 Nxf3 26. Kxf3 Rf8 27. Kg3
Be6 28. Nf2 Bxe3 29. Ned3 Bf5 30. Re1 Bg5 31. Ne4 Bh6 32. Ndf2 Bg7 33. h3 Be5+
34. Kg2 Rg8+ 35. Kf3 Bg6 36. Ng4 Bd4 37. Ng5 h5 38. Ne3 Rf8+ 39. Kg3 Re8 40. Ng2
Rxe1 41. Nxe1 Bb1 42. a3 Ba2 43. Ngf3 Bc3 0-1

[Event "37th ECC Open 2022"]
[Site "Mayrhofen AUT"]
[Date "2022.10.04"]
[Round "2.10"]
[Board "1"]
[White "Thorgeirsson, Jon Kristinn"]
[Black "Elsness, Frode"]
[Result "0-1"]
[WhiteTitle "FM"]
[BlackTitle "IM"]
[WhiteElo "2237"]
[BlackElo "2468"]
[WhiteTeam "Akureyri Chess Club"]
[BlackTeam "Bærum Schakselskap"]
[WhiteFideId "2307731"]
[BlackFideId "1501100"]
[EventDate "2022.10.03"]

1. d4 d5 2. Nf3 Nf6 3. c4 e6 4. Nc3 a6 5. cxd5 exd5 6. Bg5 Be6 7. e3 Nbd7 8. Bd3
c6 9. O-O Bd6 10. Re1 h6 11. Bf4 Qc7 12. Qd2 O-O 13. Rac1 Bg4 14. Bxd6 Qxd6 15.
Nh4 Rfe8 16. h3 Be6 17. Ne2 Ne4 18. Qa5 Qe7 19. Nf3 Rac8 20. Bxe4 dxe4 21. Nd2
Bd5 22. Nf4 Nf6 23. Rc2 g5 24. Ne2 Kh8 25. Rec1 Rg8 26. Nf1 h5 27. b4 h4 28. Nh2
g4 29. hxg4 Nxg4 30. Nf4 Nxh2 31. Kxh2 Rg5 32. Qxd5 Rxd5 33. Nxd5 Qd6+ 34. Nf4
b6 35. d5 c5 36. bxc5 Rxc5 37. Rxc5 bxc5 38. Rc4 f5 39. Kh3 Kg8 40. Kxh4 Kf7 41.
g4 Qh6+ 42. Kg3 Qh1 43. Nh3 fxg4 44. Ng5+ Kg6 45. Nxe4 Qf3+ 46. Kh2 g3+ 47. Nxg3
Qxf2+ 48. Kh3 Qxe3 49. Rg4+ Kf7 50. Kg2 Qd2+ 51. Kf3 Qxd5+ 52. Ne4 c4 53. Rg5
Qd3+ 54. Kf4 c3 55. Rc5 c2 56. Rc7+ Kf8 57. Rc8+ Ke7 0-1

[Event "37th ECC Open 2022"]
[Site "Mayrhofen AUT"]
[Date "2022.10.04"]
[Round "2.10"]
[Board "2"]
[White "Mihajlov, Sebastian"]
[Black "Sigurpalsson, Runar"]
[Result "1-0"]
[WhiteTitle "IM"]
[BlackTitle "FM"]
[WhiteElo "2375"]
[BlackElo "2280"]
[WhiteTeam "Bærum Schakselskap"]
[BlackTeam "Akureyri Chess Club"]
[WhiteFideId "1512110"]
[BlackFideId "2301024"]
[EventDate "2022.10.03"]

1. e4 g6 2. d4 Bg7 3. Nc3 d6 4. Be3 e5 5. Qd2 Nc6 6. Nge2 exd4 7. Nxd4 Nge7 8.
O-O-O O-O 9. Nxc6 bxc6 10. h4 Be6 11. h5 f5 12. Bh6 Rf7 13. hxg6 hxg6 14. Bxg7
Rxg7 15. exf5 gxf5 16. Qe3 Bf7 17. Bd3 Qd7 18. g4 fxg4 19. Ne4 Qe6 20. Rh6 Nf5
21. Rxe6 1-0

[Event "37th ECC Open 2022"]
[Site "Mayrhofen AUT"]
[Date "2022.10.04"]
[Round "2.10"]
[Board "3"]
[White "Bergsson, Stefan"]
[Black "Mikalsen, Erlend"]
[Result "1-0"]
[BlackTitle "IM"]
[WhiteElo "2153"]
[BlackElo "2354"]
[WhiteTeam "Akureyri Chess Club"]
[BlackTeam "Bærum Schakselskap"]
[WhiteFideId "2301393"]
[BlackFideId "1507338"]
[EventDate "2022.10.03"]

1. d4 Nf6 2. c4 e6 3. Nc3 Bb4 4. a3 Bxc3+ 5. bxc3 Nc6 6. f3 b6 7. e4 Ba6 8. Bd3
Na5 9. Qe2 d6 10. Nh3 Qd7 11. Rb1 c5 12. Nf2 Qa4 13. e5 dxe5 14. dxe5 Nd7 15.
Ne4 Nb7 16. Bg5 h6 17. Bh4 Qc6 18. f4 Qc7 19. O-O g5 20. fxg5 hxg5 21. Bxg5 Qxe5
22. Nf6+ Ke7 23. Qxe5 Nxe5 24. Ng4+ 1-0

[Event "37th ECC Open 2022"]
[Site "Mayrhofen AUT"]
[Date "2022.10.04"]
[Round "2.10"]
[Board "4"]
[White "Elmi, Saad Abobaker"]
[Black "Thorsteinsson, Arnar"]
[Result "1/2-1/2"]
[BlackTitle "CM"]
[WhiteElo "2263"]
[BlackElo "2215"]
[WhiteTeam "Bærum Schakselskap"]
[BlackTeam "Akureyri Chess Club"]
[WhiteFideId "1553259"]
[BlackFideId "2300524"]
[EventDate "2022.10.03"]

1. e4 c5 2. Nf3 g6 3. d4 Bg7 4. Nc3 cxd4 5. Nxd4 Nc6 6. Be3 Nf6 7. Bc4 d6 8. f3
O-O 9. Bb3 Bd7 10. Qd2 Qc7 11. O-O-O Rfc8 12. Kb1 Ne5 13. g4 Nc4 14. Bxc4 Qxc4
15. g5 Nh5 16. Nd5 Re8 17. Ne2 Be6 18. Ng3 Bxd5 19. Qxd5 b5 20. Nxh5 gxh5 21.
Qxc4 bxc4 22. Bd4 Rec8 23. Rhe1 Rab8 24. Re3 Rb5 25. h4 Rcb8 26. b3 a5 27. Bxg7
Kxg7 28. Rd4 cxb3 29. axb3 h6 30. f4 hxg5 31. hxg5 f6 32. gxf6+ Kxf6 33. Kb2 Rb4
34. Rd5 R4b5 35. Rd4 Rb4 36. Rd5 R4b5 37. Rd4 1/2-1/2

[Event "37th ECC Open 2022"]
[Site "Mayrhofen AUT"]
[Date "2022.10.04"]
[Round "2.10"]
[Board "5"]
[White "Karason, Askell O"]
[Black "Stigar, Petter"]
[Result "1/2-1/2"]
[WhiteTitle "IM"]
[BlackTitle "FM"]
[WhiteElo "2146"]
[BlackElo "2206"]
[WhiteTeam "Akureyri Chess Club"]
[BlackTeam "Bærum Schakselskap"]
[WhiteFideId "2300567"]
[BlackFideId "1500341"]
[EventDate "2022.10.03"]

1. d4 Nf6 2. c4 e6 3. Nc3 Bb4 4. Nf3 c5 5. g3 Nc6 6. Bg2 Ne4 7. Qd3 cxd4 8. Nxd4
Nxc3 9. bxc3 Ne5 10. Qc2 Be7 11. Qb3 O-O 12. Bf4 Qc7 13. O-O d6 14. Nb5 Qb8 15.
a4 a6 16. Na3 Nd7 17. a5 Qc7 18. Rfd1 Rb8 19. Qb4 Nc5 20. Rab1 Rd8 21. Be3 Bd7
22. Bxc5 dxc5 23. Qb6 Qe5 24. Qa7 Be8 25. Rxd8 Bxd8 26. Rxb7 Rxb7 27. Qxb7 Qc7
28. Qxa6 Qxa5 29. Qxa5 Bxa5 30. Nb5 Kf8 31. Kf1 Ke7 32. Ke1 Bxb5 33. e3 Be8 34.
Kf1 1/2-1/2

[Event "37th ECC Open 2022"]
[Site "Mayrhofen AUT"]
[Date "2022.10.04"]
[Round "2.11"]
[Board "1"]
[White "Pechac, Jergus"]
[Black "Pallardo Lozoya, Jose Vicente"]
[Result "1-0"]
[WhiteTitle "GM"]
[BlackTitle "IM"]
[WhiteElo "2633"]
[BlackElo "2355"]
[WhiteTeam "Sentimento Ajka BSK"]
[BlackTeam "Andreu Valencia Origin Chess"]
[WhiteFideId "14926970"]
[BlackFideId "2230380"]
[EventDate "2022.10.03"]

1. c4 e5 2. Nf3 e4 3. Nd4 c6 4. d3 Nf6 5. Nc3 Bb4 6. Qb3 Na6 7. a3 Ba5 8. Bg5
O-O 9. O-O-O Nc5 10. Qc2 exd3 11. exd3 Ne6 12. Nxe6 fxe6 13. Ne4 d5 14. Nxf6+
gxf6 15. Bh6 Rf7 16. g4 b5 17. Rg1 Rb8 18. g5 Kh8 19. g6 hxg6 20. Rxg6 Kh7 21.
d4 f5 22. Bg5 Kxg6 23. Bxd8 Bxd8 24. Qb3 Bc7 25. cxd5 cxd5 26. Bxb5 Bxh2 27. Qh3
Rh7 28. Rg1+ Bxg1 29. Qg3+ Kf6 30. Qe5+ Kg5 31. Qg3+ Kf6 32. Qxb8 Bh2 33. f4 Bb7
34. Qf8+ 1-0

[Event "37th ECC Open 2022"]
[Site "Mayrhofen AUT"]
[Date "2022.10.04"]
[Round "2.11"]
[Board "2"]
[White "Macias Pino, Diego"]
[Black "Banusz, Tamas"]
[Result "0-1"]
[WhiteTitle "FM"]
[BlackTitle "GM"]
[WhiteElo "2385"]
[BlackElo "2622"]
[WhiteTeam "Andreu Valencia Origin Chess"]
[BlackTeam "Sentimento Ajka BSK"]
[WhiteFideId "24529133"]
[BlackFideId "722413"]
[EventDate "2022.10.03"]

1. e4 c5 2. Nf3 Nc6 3. Bb5 g6 4. O-O Bg7 5. c3 Nf6 6. Re1 O-O 7. d4 d5 8. e5 Ne4
9. Bxc6 bxc6 10. Be3 Rb8 11. Qc1 cxd4 12. cxd4 Bf5 13. Nbd2 Qd7 14. Nxe4 dxe4
15. Nd2 f6 16. Qc3 g5 17. Rac1 Rfc8 18. Qa3 h6 19. exf6 exf6 20. Nb3 Bf8 21. Nc5
Qf7 22. b3 Bd6 23. h3 Be6 24. Qa4 Bd5 25. Bd2 Re8 26. Na6 Rbc8 27. Nb4 Bxb4 28.
Bxb4 Rcd8 29. Rc5 f5 30. Ra5 Rd7 31. Bc5 f4 32. Bxa7 e3 33. f3 h5 34. Rf1 g4 35.
Kh2 e2 36. Re1 gxf3 37. gxf3 Qg7 0-1

[Event "37th ECC Open 2022"]
[Site "Mayrhofen AUT"]
[Date "2022.10.04"]
[Round "2.11"]
[Board "3"]
[White "Michalik, Peter"]
[Black "Llobell Cortell, Enrique"]
[Result "1-0"]
[WhiteTitle "GM"]
[BlackTitle "IM"]
[WhiteElo "2558"]
[BlackElo "2380"]
[WhiteTeam "Sentimento Ajka BSK"]
[BlackTeam "Andreu Valencia Origin Chess"]
[WhiteFideId "14907526"]
[BlackFideId "2216116"]
[EventDate "2022.10.03"]

1. d4 Nf6 2. c4 e6 3. Nf3 d5 4. g3 dxc4 5. Bg2 b5 6. Ne5 Bb4+ 7. Bd2 Bxd2+ 8.
Qxd2 Nd5 9. a4 c6 10. axb5 cxb5 11. Nc3 f6 12. Ng4 Bb7 13. Nxb5 Qd7 14. e4 Qxb5
15. exd5 Bxd5 16. Ra5 Qd7 17. Bxd5 exd5 18. Qe2+ Kf7 19. Ne3 Re8 20. Qh5+ Kg8
21. Rxd5 Qe6 22. Rd6 Qe4 23. O-O Nc6 24. Qc5 Rac8 25. Qxc4+ Kh8 26. Qd5 Qxd5 27.
Rxd5 Nb4 28. Rd7 Red8 29. Rxa7 Rxd4 30. Rxg7 Kxg7 31. Nf5+ Kg6 32. Nxd4 Nd3 33.
b3 Rd8 34. Nc6 Rd6 35. Rd1 Rxc6 36. Rxd3 Rc1+ 37. Kg2 Rb1 38. Kf3 Rb2 39. Rc3
Kf5 40. Rc5+ Kg6 41. Rb5 1-0

[Event "37th ECC Open 2022"]
[Site "Mayrhofen AUT"]
[Date "2022.10.04"]
[Round "2.11"]
[Board "4"]
[White "Vassallo Barroche, Mauricio"]
[Black "Prohaszka, Peter2"]
[Result "1-0"]
[WhiteTitle "IM"]
[BlackTitle "GM"]
[WhiteElo "2373"]
[BlackElo "2570"]
[WhiteTeam "Andreu Valencia Origin Chess"]
[BlackTeam "Sentimento Ajka BSK"]
[WhiteFideId "101648"]
[BlackFideId "726265"]
[EventDate "2022.10.03"]

1. Nf3 d5 2. g3 Nd7 3. d4 Nb6 4. Bg2 Nf6 5. O-O Bf5 6. c3 h6 7. Nbd2 e6 8. a4 a5
9. Ne5 Bd6 10. Nd3 O-O 11. Nf3 Nbd7 12. Bf4 Bxf4 13. gxf4 Qe7 14. Nde5 Be4 15.
e3 Ra6 16. Ne1 Rb6 17. f3 Bh7 18. Rf2 c5 19. N1d3 Rc8 20. dxc5 Nxc5 21. Nxc5
Qxc5 22. Qd2 Rd6 23. Bf1 Nd7 24. Bb5 Nb6 25. Rd1 f6 26. Nd3 Qc7 27. Qe1 Nc4 28.
Re2 Rdd8 29. Nf2 Kh8 30. Kh1 e5 31. Bxc4 dxc4 32. fxe5 fxe5 33. Rxd8+ Rxd8 34.
Rd2 Rf8 35. Qd1 Bg6 36. Rd7 Qc5 37. Ng4 Bd3 38. e4 h5 39. Rd5 Qxd5 40. exd5 hxg4
41. fxg4 Kg8 42. Qd2 Rd8 43. Qg5 Rxd5 44. h4 Kf7 45. Kg1 b5 46. axb5 Rxb5 47.
Qd8 Rxb2 48. Qxa5 Re2 49. Qd5+ Kf6 50. Qd6+ Kf7 51. g5 Re1+ 52. Kf2 Re2+ 53. Kf3
e4+ 54. Kg3 Re3+ 55. Kg4 Rf3 56. g6+ Ke8 57. Qe6+ Kf8 58. Qd7 Kg8 59. Qd8+ 1-0